000 00844nam a2200217 i 4500
001 183542
003 ES-MaACL
005 20250814013817.0
008 140717s1885 sp |||| | spa d
100 1 _aÁlvarez Sereix, Rafael,
_d1856-1946
_eaut
_920966
245 1 0 _aCuestiones científicas /
_cpor Rafael Álvarez Sereix.
260 _a[S.l. :
_bs.n.],
_c1885
_e(Madrid :
_fDionisio de los Ríos)
300 _a224 páginas ;
_c19 cm.
530 _aDisponible en formato digital.
650 7 _aCiencias
_2embne
_910971
852 _aES-MaACL
_cDEPOF
_gDedicatoria autógrafa del autor
_hDonativo de Rafael Álvarez Sereix
_jT-595-F-2
856 4 1 _uhttp://bdh-rd.bne.es/viewer.vm?id=0000090137&page=1
_zBiblioteca Digital Hispánica
942 _2udc
_cFOLLETOS
_n0
999 _c183542
_d183542